|
|
|
|
| LEADER |
00000nbm0a2200000 4500 |
| 001 |
124108 |
| 005 |
20231031130747.0 |
| 035 |
|
|
|a (RuTPU)RU\TPU\book\134319
|
| 090 |
|
|
|a 124108
|
| 100 |
|
|
|a 20071029d1980 k y0rusy50 ca
|
| 101 |
0 |
|
|a rus
|
| 102 |
|
|
|a RU
|
| 105 |
|
|
|a y p 001zy
|
| 200 |
1 |
|
|a Исследование индивидуального состава бензиновых фракций нефтей Федоровского месторождения и изучение закономерностей его в зависимости от возраста нефтеносных отложений
|e отчет о НИР (промежуточный отчет)
|f Томский политехнический институт; руководитель О. С. Коваленко; исполнители З. И. Машукова; Н. М. Смольянинова; Н. В. Юдина
|
| 210 |
|
|
|a Томск
|d 1980
|
| 215 |
|
|
|a 42 л.
|
| 229 |
|
|
|a Тема: Исследование физических свойств и вещественного состава нефтей, газов и конденсаторов месторождений Западной Сибири и некоторых направлений нефтепереработки и нефтехимии
|a № гос. рег. 76039703; инв. № Б914617 12 фев.81
|
| 320 |
|
|
|a Библиогр.: с. 39-42.
|
| 610 |
1 |
|
|a нефтехимия
|
| 610 |
1 |
|
|a нефть
|
| 610 |
1 |
|
|a Западная Сибирь
|
| 610 |
1 |
|
|a Федоровское месторождение
|
| 610 |
1 |
|
|a состав
|
| 610 |
1 |
|
|a бензиновые фракции
|
| 610 |
1 |
|
|a исследование
|
| 610 |
1 |
|
|a нефтяные углеводороды
|
| 610 |
1 |
|
|a отчеты о НИР
|
| 675 |
|
|
|a 665.61(04)
|v 3
|
| 702 |
|
1 |
|a Коваленко
|b О. С.
|4 673
|
| 702 |
|
1 |
|a Машукова
|b З. И.
|4 677
|
| 702 |
|
1 |
|a Смольянинова
|b Н. М.
|4 677
|
| 702 |
|
1 |
|a Юдина
|b Н. В.
|4 677
|
| 712 |
0 |
2 |
|a Томский политехнический институт
|z 1944-1991
|2 stltpush
|3 (RuTPU)RU\TPU\col\1123
|
| 801 |
|
1 |
|a RU
|b 63413507
|c 20071029
|g PSBO
|
| 942 |
|
|
|c BK
|